Eurovision Song Lyrics - Serbia - Statistics

General Stats
  • This quiz has been taken 129 times
  • The average score is 138 of 276
Answer Stats
Answer % Correct
s
96%
A
84%
i
80%
I
80%
me
72%
U
72%
(U
72%
o
71%
da
68%
Da
68%
biti
66%
Biti
66%
zdrava
66%
corpore
65%
In
65%
in
65%
Ne
65%
ne
65%
je
64%
Megan
64%
sano
64%
Markl
63%
ni
62%
mi
61%
mora
60%
li
58%
se
57%
šta
57%
tajna
57%
tajna)
57%
ja
56%
umetnica
55%
Umetnica
55%
Na
54%
na
54%
Koja
53%
(Koja
53%
samo
53%
zdrave
53%
kose
52%
lepa
48%
može
48%
nije
48%
probleme
47%
sad
47%
ćemo
46%
dobra
46%
sve
46%
Kažu
45%
slezina
45%
hidratacija
43%
jetrom
43%
moje
43%
vidi
43%
kosi
42%
koži
42%
oko
42%
pitanju
42%
duboka
41%
Bože
40%
(Bože
40%
kuca
40%
možda
40%
očiju
40%
tamni
40%
zdravlja
40%
zdravlja)
40%
jasno
39%
Mislim
39%
Pa
39%
Srce
39%
srce
39%
usana
39%
Fleke
38%
Nemam
38%
Ukazuju
38%
uvećana
38%
Uvećana
38%
kolutovi
37%
Mens
37%
sistem
37%
to
37%
knjižicu
36%
pas
35%
Recimo
35%
ime
34%
kako
33%
što
33%
bolje
32%
Corpus
32%
meni
32%
neka
32%
nervni
32%
postoji
32%
Autonomni
31%
boje
31%
prate
31%
Šetamo
31%
šetamo
31%
suknje
31%
Velika
31%
Animus
30%
Dajem
30%
jarke
30%
magija
30%
moram
30%
noge
30%
poverenje
30%
sreća
30%
brinu
29%
ide
29%
nevidljiva
29%
srca
29%
vidiš
29%
Suknja
28%
dišem
27%
nas
27%
otkucaje
27%
tristis
27%
dvoje
26%
kontrolisati
26%
mom
26%
brojimo
25%
infirma
25%
korake
25%
sanum
25%
telu
25%
desperata
23%
dana
20%
conterrita
19%
snem
18%
eroproc
17%
Onas
17%
Letnjeg
15%
somrefne
8%
Susknje
3%
No matching quizzes found
Score Distribution
Percent of People with Each Score
Percentile by Number Answered
Your Score History
You have not taken this quiz